000 00253nam a2200109Ia 4500
008 200302s9999 xx 000 0 und d
100 _aV K Ahluwalia
245 _aEnvironment Studies 2nd ed.
260 _bTeri pub
260 _c2016
300 _a251 P.,
999 _c4005
_d4005